000 00801nam a2200241Ia 4500
003 OSt
005 20220923225542.0
006 a|||||r|||| 00| 0
007 ta
008 Pun
024 _a271,063
037 _cTextual
040 _aARTS
_cARTS
_bPun
041 _2Pun
_aPun
082 _aO153,1F73:g, M4
100 _aਦਿਓਲ, ਹਰਮੰਦਰ ਸਿੰਘ, ਥਦ.
245 0 _aਮਾਨਵਤਾ ਦਾ ਪ੍ਰਤੀਕ
_b ਬਾਬਾ ਫਰੀਦ
260 _aਖ਼ਰੀਦਕੋਟ
_b ਬਾਬਾ ਫਰੀਦ ਸਾਹਿਤ ਸੰਮੇਲਨ
_c1984
300 _a160ਪੰ
_ccm.
650 _aਪੰਜਾਬੀ ਸਾਹਿਤ
942 _hO153,1F73:g, M4
_cTEXL
_2CC
999 _c379055
_d379055